Plant canopies: Their growth, form and function (Record no. 40417)

MARC details
000 -LEADER
fixed length control field 00304nam a2200109Ia 4500
082 ## - DEWEY DECIMAL CLASSIFICATION NUMBER
Classification number 581.5
Item number RUS
245 #0 - TITLE STATEMENT
Title Plant canopies: Their growth, form and function
260 ## - PUBLICATION, DISTRIBUTION, ETC. (IMPRINT)
Place of publication New York
Name of publisher Cambridge University Press
Year of publication 1989
700 ## - ADDED ENTRY--PERSONAL NAME
Personal name Russell, G
942 ## - ADDED ENTRY ELEMENTS (KOHA)
Koha item type Books
Holdings
Withdrawn status Lost status Damaged status Not for loan Home library Current library Date acquired Cost, normal purchase price Full call number Accession Number Koha item type
        RRII Library RRII Library 16/12/2021 12.95 581.5 RUS 20716 Books